100 Cities by Letter - B - Statistics

General Stats
  • This quiz has been taken 14,403 times
  • The average score is 47 of 100
Answer Stats
Hint City % Correct
Was divided by a wall until 1989 Berlin
97%
Had a tea party in 1773 Boston
95%
De-facto capital of the EU Brussels
95%
Capital of Hungary Budapest
91%
Forbidden City Beijing
90%
De-facto capital of Switzerland Bern
88%
Birthplace of Jesus Bethlehem
87%
Where the Peaky Blinders gang once operated Birmingham
83%
Near the ruins of Babylon Baghdad
82%
Planned city designed by Oscar Niemeyer Brasilía
80%
World's southernmost megacity Buenos Aires
80%
1992 Summer Olympics host Barcelona
79%
Capital of West Germany Bonn
76%
Also known as Krung Thep Bangkok
75%
Called Santa Fe before being renamed by Simon Bolivar Bogotá
74%
Wine capital of the world Bordeaux
74%
Judicial capital of South Africa Bloemfontein
73%
Site of the world's heaviest building Bucharest
73%
Site of a major explosion in 2020 Beirut
72%
Where the RMS Titanic was built Belfast
71%
Has the world's oldest university Bologna
69%
Located 55 km due east of Vienna Bratislava
67%
Guggenheim Museum site in Spain Bilbao
65%
Belgian city known for its canals Bruges
65%
The Romans called it "Aquae Sulis" Bath
64%
Capital of Kyrgyzstan Bishkek
64%
French for "red stick" Baton Rouge
63%
Located right north of Kinshasa Brazzaville
63%
2032 Summer Olympics host Brisbane
63%
Capital of Belize after 1970 Belmopan
62%
"The Silicon Valley of India" Bengaluru
62%
Capital of Minas Gerais, Brazil Belo Horizonte
60%
Capital of Barbados Bridgetown
60%
The largest city in Italy's heel Bari
58%
Swiss city bordering France and Germany Basel
58%
Its zip code is 90210 Beverly Hills
58%
Capital of Belize before 1970 Belize City
57%
Libyan city where the U.S. embassywas attacked Benghazi
56%
Historically called "Bjørgvin" Bergen
56%
U.S. city about 20km away from Niagara Falls Buffalo
56%
The "White City" on the Danube Belgrade
55%
Capital of North Dakota Bismarck
55%
University of California main campus Berkeley
54%
A Turkish city, not a D.C Superhero Batman
53%
Town that lies inside Canada's first national park Banff
52%
Largest British city with itsown community currency Bristol
52%
National capital on Niger River Bamako
51%
Formerly known as "Brunei Town" Bandar SeriBegawan
51%
City in northern Brazil whose name is Portuguese for the above Belém
50%
City-state inside Lower Saxony Bremen
50%
It lies on the English Channeldue south of London Brighton
50%
Lowest lying national capital Baku
46%
Main port of Iraq Basra
46%
A "new" Canadian province takes its name from this German city Braunschweig
46%
University of Colorado main campus Boulder
44%
City in Brittany or Belarus Brest
43%
Capital of St. Kitts and Nevis Basseterre
40%
Seaside town in northern Englandlocated 45 km north of Liverpool Blackpool
40%
Largest city in Montana Billings
39%
Where a train full of zombies is headed to in a 2016 movie Busan
37%
Destination of the first telegraph Baltimore
35%
World capital on the Ubangi River Bangui
35%
Shakira's hometown Barranquilla
35%
Largest city in Moravia Brno
35%
Largest city in Connecticut Bridgeport
34%
African capital once called "Bathurst" Banjul
33%
Nampa and Meridian are its suburbs Boise
33%
City in central India that was the site of the deadliest industrial disaster Bhopal
32%
German city which shares its name with the state in which it is located Brandenburg
32%
This city doesn't actually exist Bielefeld
30%
Was going to be Indonesia's capitalright before its independence Bandung
29%
Makes half of its country's name Bissau
28%
Southernmost city in Texas Brownsville
28%
Its "bronzes" was stolen by the British {Benin} City
25%
Georgia's main port on the Black Sea Batumi
24%
City in northern Portugal that is theseat of the Primacy of the Spains Braga
24%
Largest city on Lake Tanganyika Bujumbura
24%
Largest city in central Oregon Bend
23%
Home to the third-busiest airport in Italy Bergamo
23%
Major coastal resort of Bulgaria Burgas
23%
Coastal part of the above Bremerhaven
22%
First capital of the Ottoman Empire Bursa
21%
Second largest city in Bosnia Banja Luka
20%
City in Apulia that was the southern terminus of the Appian Way Brindisi
20%
Home to the first Legoland Billund
16%
Second-largest city in Zimbabwe Bulawayo
15%
Polish city on the Vistula River whoseGerman name is "Bromberg" Bydgoszcz
15%
Located at theeasternmost point of mainland Australia {Byron} Bay
15%
Historical city in Uzbekistan that was a stopover of the Silk Road Bukhara
14%
Largest city in the Negev Desert Beersheba
13%
Major Transylvanian city whoseLatin name was "Corona" Brașov
13%
Second-largest city in Malawi Blantyre
12%
Located on the largest lake in Kazakhstan, whose name it shares Balkhash
11%
City near Acadia National Park Bar Harbor
10%
An ocean current has the namesake of this Angolan city Benguela
10%
City in the Golden Horseshoe that once was the "Flower City of Canada" Brampton
10%
Second-largest city in Manitoba Brandon
9%
City in Afghanistan whose statuesof Buddha were destroyed Bamyan
8%
City in Västra Götaland that once was the "Textile capital of Sweden" Borås
6%
Cambodian city where the firstBahá'í House of Worship was built Battambang
5%
No matching quizzes found
Score Distribution
Percent of People with Each Score
Percentile by Number Answered
Your Score History
You have not taken this quiz